000
00308nam a2200121Ia 4500
005
20251222144854.0
008
251222s9999||||xx |||||||||||||| ||spa||
082
_a
657.072/C93/Ej.2
100
_a
Cuadrado Ebrero, Amparo
245
0
_a
TeorĂa Contable:
264
_b
McGRAW-HILL INTERAMERICANA
942
_c
LIB
999
_c
21713
_d
21713